[Event "VIE-chT (Women)"]
[Site "Ho Chi Minh City"]
[Date "2017.07.25"]
[Round "3.32"]
[White "Phung, Thi Quynh Trang"]
[Black "Nguyen, Thi Ngoc Han"]
[Result "1-0"]
[WhiteElo "1896"]
[BlackElo "1205"]
[PlyCount "81"]
[EventDate "2017.07.24"]
[EventType "team-swiss"]
[EventRounds "9"]
[EventCountry "VIE"]
[SourceTitle "EXT 2019"]
[Source "ChessBase"]
[SourceDate "2018.10.10"]
[SourceVersion "1"]
[SourceVersionDate "2018.10.10"]
[SourceQuality "1"]

1. d4 d5 2. Nf3 Nf6 3. Bf4 Bf5 4. h3 e6 5. e3 Nbd7 6. Bd3 Bg6 7. Bxg6 fxg6 8. Nbd2 Bd6 9. Bxd6 cxd6 10. 0-0 0-0 11. c3 e5 12. dxe5 dxe5 13. Qb3 b6 14. Rad1 Nc5 15. Qc2 Qe7 16. Nb3 Rac8 17. Nxc5 bxc5 18. c4 d4 19. exd4 exd4 20. Rfe1 Qd6 21. b4 Rfd8 22. Re5 d3 23. Qb3 Qb6 24. b5 a6 25. a4 axb5 26. axb5 d2 27. Rxd2 Rxd2 28. Nxd2 Qd6 29. Qe3 Ra8 30. Nb3 Ra3 31. Qxc5 Qd1+ 32. Kh2 Rxb3 33. Qc8+ Kf7 34. Qe6+ Kf8 35. Qe7+ Kg8 36. Rd5 Rd3 37. Qd8+ Kf7 38. Rxd3 Qc1 39. Qc7+ Ke6 40. Re3+ Kf5 41. Qe5# 1-0

[Event "VIE-chT (Women)"]
[Site "Ho Chi Minh City"]
[Date "2017.07.24"]
[Round "2.45"]
[White "Nguyen, Thi Kieu"]
[Black "Phung, Thi Quynh Trang"]
[Result "0-1"]
[WhiteElo "1921"]
[BlackElo "1896"]
[PlyCount "56"]
[EventDate "2017.07.24"]
[EventType "team-swiss"]
[EventRounds "9"]
[EventCountry "VIE"]
[SourceTitle "EXT 2019"]
[Source "ChessBase"]
[SourceDate "2018.10.10"]
[SourceVersion "1"]
[SourceVersionDate "2018.10.10"]
[SourceQuality "1"]

1. e4 c5 2. Nf3 Nc6 3. d4 cxd4 4. Nxd4 Nf6 5. Nc3 g6 6. Be3 Bg7 7. Be2 0-0 8. Qd2 d6 9. 0-0 Bd7 10. Kh1 Ne5 11. Bh6 Qb6 12. Bxg7 Kxg7 13. Nf3 Nxf3 14. Bxf3 Rac8 15. Rab1 Rc4 16. Qe2 Rc5 17. Qe3 Rfc8 18. Rfd1 Bc6 19. h3 Qc7 20. Qd4 b6 21. Rd2 Bb7 22. Rc1 Rc4 23. Qe3 a6 24. Nd5 Bxd5 25. exd5 b5 26. c3 b4 27. Rd3 Qa5 28. Qxe7 Qxa2 0-1

[Event "VIE-ch (Women)"]
[Site "Bac Giang"]
[Date "2016.06.27"]
[Round "8"]
[White "Phung, Thi Quynh Trang"]
[Black "Vo, Thi Thuy Tien"]
[Result "1-0"]
[WhiteElo "1862"]
[BlackElo "1869"]
[PlyCount "83"]
[EventDate "2016.06.22"]
[EventType "swiss"]
[EventRounds "9"]
[EventCountry "VIE"]
[SourceTitle "EXT 2017"]
[Source "ChessBase"]
[SourceDate "2016.10.25"]
[SourceVersion "1"]
[SourceVersionDate "2016.10.25"]
[SourceQuality "1"]

1. Nf3 Nf6 2. d4 d5 3. g3 e6 4. Bg2 Be7 5. 0-0 0-0 6. c4 dxc4 7. Qc2 a6 8. Qxc4 b5 9. Qc2 Bb7 10. Nbd2 Nbd7 11. b3 c5 12. Bb2 Rc8 13. Qb1 c4 14. bxc4 bxc4 15. Rc1 Nb6 16. a4 Bb4 17. Ba3 Bxa3 18. Rxa3 Rb8 19. a5 Bxf3 20. Nxf3 Nbd5 21. Qa1 c3 22. Ne5 Qd6 23. e4 Ne7 24. Raxc3 Qxd4 25. Rc7 Qd6 26. Nxf7 Rxf7 27. e5 Qd2 28. Rd1 Qe2 29. exf6 gxf6 30. Bf1 Qf3 31. Rdd7 Kf8 32. Bxa6 Rb3 33. Bc4 Ra3 34. Qc1 Rc3 35. Qh6+ Ke8 36. Bb5 Rxc7 37. Rxc7+ Kd8 38. Rd7+ Ke8 39. Rd5+ Nc6 40. Bxc6+ Rd7 41. Bxd7+ Kf7 42. Qxh7+ 1-0

[Event "VIE-ch (Women)"]
[Site "Bac Giang"]
[Date "2016.06.26"]
[Round "7"]
[White "Nguyen, Bui Thu Trang"]
[Black "Phung, Thi Quynh Trang"]
[Result "0-1"]
[WhiteElo "1845"]
[BlackElo "1862"]
[PlyCount "56"]
[EventDate "2016.06.22"]
[EventType "swiss"]
[EventRounds "9"]
[EventCountry "VIE"]
[SourceTitle "EXT 2017"]
[Source "ChessBase"]
[SourceDate "2016.10.25"]
[SourceVersion "1"]
[SourceVersionDate "2016.10.25"]
[SourceQuality "1"]

1. d4 Nf6 2. c4 g6 3. Nc3 Bg7 4. e4 d6 5. Nf3 0-0 6. Be2 Bg4 7. h3 Bxf3 8. Bxf3 Nfd7 9. 0-0 Nc6 10. Be3 e5 11. d5 Nd4 12. Bxd4 exd4 13. Nb5 d3 14. Rb1 a6 15. Na3 Ne5 16. g3 f5 17. exf5 gxf5 18. Bg2 f4 19. Be4 Qg5 20. Kh2 fxg3+ 21. fxg3 Rxf1 22. Qxf1 Rf8 23. Qg1 Qh5 24. g4 Qh4 25. Rf1 Rxf1 26. Qxf1 Nxg4+ 27. Kg1 Qg3+ 28. Qg2 Bd4+ 0-1

[Event "VIE-ch (Women)"]
[Site "Bac Giang"]
[Date "2016.06.23"]
[Round "3"]
[White "Nguyen, Ngoc Hao"]
[Black "Phung, Thi Quynh Trang"]
[Result "0-1"]
[WhiteElo "1854"]
[BlackElo "1862"]
[PlyCount "102"]
[EventDate "2016.06.22"]
[EventType "swiss"]
[EventRounds "9"]
[EventCountry "VIE"]
[SourceTitle "EXT 2017"]
[Source "ChessBase"]
[SourceDate "2016.10.25"]
[SourceVersion "1"]
[SourceVersionDate "2016.10.25"]
[SourceQuality "1"]

1. e4 c5 2. Nf3 d6 3. d4 cxd4 4. Nxd4 Nf6 5. Nc3 g6 6. g3 Bg7 7. Bg2 0-0 8. 0-0 Nc6 9. Nf3 Bg4 10. Be3 a6 11. a3 Ne5 12. Bd4 Nfd7 13. Be3 Rc8 14. h3 Nxf3+ 15. Bxf3 Bxh3 16. Re1 Be6 17. Qd2 Ne5 18. Bg2 Nc4 19. Qc1 Nxe3 20. Qxe3 Qc7 21. Rab1 Bxc3 22. Qxc3 Qxc3 23. bxc3 Rxc3 24. Rxb7 Rxa3 25. Rxe7 Rc8 26. Rc1 Ra2 27. Bf1 d5 28. exd5 Bxd5 29. c4 Bc6 30. c5 Bb5 31. Bg2 Re2 32. Rxe2 Bxe2 33. c6 Rc7 34. Re1 Bb5 35. Rc1 Kg7 36. Rc5 Kf6 37. Rc1 Ke5 38. f4+ Kd6 39. Rd1+ Kc5 40. Rc1+ Kb6 41. Kf2 Bxc6 42. Rb1+ Bb5 43. Rd1 a5 44. Rd6+ Kc5 45. Rd5+ Kb4 46. Rd4+ Rc4 47. Rd1 a4 48. Rb1+ Kc5 49. Bf1 Rc2+ 50. Kg1 Bxf1 51. Kxf1 a3 0-1

[Event "VIE-ch U17 Girls"]
[Site "Ho Chi Minh City"]
[Date "2014.07.17"]
[Round "8"]
[White "Pham Thi Phuong, Thao"]
[Black "Phung, Thi Quynh Trang"]
[Result "0-1"]
[WhiteElo "1950"]
[BlackElo "1947"]
[PlyCount "33"]
[EventDate "2014.07.13"]
[EventType "swiss"]
[EventRounds "9"]
[EventCountry "VIE"]
[SourceTitle "EXT 2016"]
[Source "ChessBase"]
[SourceDate "2015.10.08"]
[SourceVersion "1"]
[SourceVersionDate "2015.10.08"]
[SourceQuality "1"]

1. e4 e5 2. Nf3 Nc6 3. Nc3 Nf6 4. g3 Bc5 5. Bg2 a6 6. 0-0 d6 7. d3 h6 8. Be3 Bxe3 9. fxe3 Be6 10. d4 Bc4 11. Re1 exd4 12. exd4 Ne7 13. h3 0-0 14. e5 dxe5 15. Nxe5 Bd5 16. Nxd5 Nexd5 17. c4 0-1

[Event "VIE-ch U17 Girls"]
[Site "Ho Chi Minh City"]
[Date "2014.07.15"]
[Round "4"]
[White "Tran, Minh Anh"]
[Black "Phung, Thi Quynh Trang"]
[Result "1/2-1/2"]
[WhiteElo "1956"]
[BlackElo "1947"]
[PlyCount "40"]
[EventDate "2014.07.13"]
[EventType "swiss"]
[EventRounds "9"]
[EventCountry "VIE"]
[SourceTitle "EXT 2016"]
[Source "ChessBase"]
[SourceDate "2015.10.08"]
[SourceVersion "1"]
[SourceVersionDate "2015.10.08"]
[SourceQuality "1"]

1. d4 Nf6 2. c4 e5 3. e3 exd4 4. exd4 Bb4+ 5. Nd2 Qe7+ 6. Be2 0-0 7. a3 Bxd2+ 8. Bxd2 d6 9. Nf3 Re8 10. h3 Bf5 11. Be3 Ne4 12. Qc1 Nc6 13. 0-0 Qd7 14. Nh2 Na5 15. Qe1 b6 16. b4 Nb7 17. d5 Nc3 18. Qd2 Nxe2+ 19. Qxe2 a5 20. Rfc1 Re7 1/2-1/2

[Event "VIE-ch U13 Girls"]
[Site "Da Lat"]
[Date "2013.07.??"]
[Round "4"]
[White "Nguyen, Hong Anh"]
[Black "Phung, Thi Quynh Trang"]
[Result "1-0"]
[WhiteElo "1989"]
[BlackElo "1965"]
[PlyCount "65"]
[EventDate "2013.07.13"]
[EventType "swiss"]
[EventRounds "9"]
[EventCountry "VIE"]
[SourceTitle "EXT 2014"]
[Source "ChessBase"]
[SourceDate "2013.11.20"]
[SourceVersion "1"]
[SourceVersionDate "2013.11.20"]
[SourceQuality "1"]

1. Nf3 d5 2. g3 Nc6 3. d4 Nf6 4. Bg2 Bf5 5. 0-0 Qd7 6. Ne5 Nxe5 7. dxe5 Ne4 8. b3 0-0-0 9. Be3 Kb8 10. f3 Nxg3 11. hxg3 Bh3 12. Qd4 b6 13. Bxh3 Qxh3 14. Qg4 Qxg4 15. fxg4 f6 16. exf6 exf6 17. g5 Bd6 18. gxf6 gxf6 19. Bf4 Bc5+ 20. Kg2 Rde8 21. Re1 d4 22. a3 d3 23. cxd3 Bd4 24. Ra2 h5 25. e3 Bc5 26. Rc2 Rc8 27. b4 Be7 28. Rec1 Bd8 29. Nc3 Kb7 30. Nb5 c6 31. Nd6+ Kb8 32. Nxc8+ Kxc8 33. Rxc6+ 1-0

[Event "VIE-ch U13 Girls"]
[Site "Da Lat"]
[Date "2013.07.??"]
[Round "9"]
[White "Nguyen Ngoc Doan, Trang"]
[Black "Phung, Thi Quynh Trang"]
[Result "1-0"]
[WhiteElo "1970"]
[BlackElo "1965"]
[PlyCount "71"]
[EventDate "2013.07.13"]
[EventType "swiss"]
[EventRounds "9"]
[EventCountry "VIE"]
[SourceTitle "EXT 2014"]
[Source "ChessBase"]
[SourceDate "2013.11.20"]
[SourceVersion "1"]
[SourceVersionDate "2013.11.20"]
[SourceQuality "1"]

1. e4 e5 2. Nf3 Nc6 3. Bc4 Bc5 4. d3 h6 5. Be3 Bxe3 6. fxe3 Nf6 7. h3 d6 8. Nc3 a6 9. Ne2 b5 10. Bb3 0-0 11. Ng3 Nd7 12. 0-0 Qf6 13. Nd4 Qg5 14. Nxc6 Qxg3 15. Ne7+ Kh7 16. Rf3 Qg5 17. Nxc8 Raxc8 18. Bxf7 Nf6 19. Bb3 Nh5 20. Kh2 Rxf3 21. Qxf3 c6 22. Qf5+ Qxf5 23. exf5 Rf8 24. g4 Nf6 25. a4 h5 26. g5 Nd7 27. e4 Nc5 28. g6+ Kh6 29. axb5 Nxb3 30. cxb3 axb5 31. h4 d5 32. Rc1 dxe4 33. dxe4 Rd8 34. Rxc6 Rd2+ 35. Kg1 Rxb2 36. Rc8 1-0